There's a Simpson Character in My Slogan! Quiz Stats

 Plays Quiz Updated May 16, 2018

Support Sporcle.
Go Orange.
Score 0/20 Timer 04:00
1 Play Today
% Correct
McDonald's
89.1%
The Home Depot
87.2%
Nike
86.6%
Maybelline
84.6%
Alka-Seltzer
82.4%
Wheaties
82.4%
California Milk Processor Board
81.3%
M&M's
81.3%
Skittles
80.3%
Folgers
76.5%
% Correct
Heinz
76.2%
Apple
74.8%
Duracell
70.9%
Little Caesars
67.7%
GEICO
65.9%
Taco Bell
61.7%
Tesco
47.9%
Sega
46.4%
Mars
44.5%
Utica Club
32%

You're not logged in!

Compare scores with friends on all Sporcle quizzes.
OR
Log In

From the Vault

#15 Athletes

by Joshie_the_great

At least most these athletes had more than 15 minutes of fame.
Remove Ads.
Support Sporcle.
Get the best of Sporcle when you Go Orange. This ad-free experience offers more features, more stats, and more fun while also helping to support Sporcle. Thank you for becoming a member.

Show Comments

Extras

Top Quizzes Today


Score Distribution

Your Account Isn't Verified!

In order to create a playlist on Sporcle, you need to verify the email address you used during registration. Go to your Sporcle Settings to finish the process.

Report this User

Report this user for behavior that violates our Community Guidelines.

Details: